[Event "Detroit (MI Op/1a/21)"]
[Site "?"]
[Date "1994.??.??"]
[Round "?"]
[White "Thomas, Henry"]
[Black "Townsend, E."]
[Result "1-0"]
[WhiteElo "1840"]
[BlackElo "2045"]
[PlyCount "83"]
[EventDate "1994.??.??"]

1. e4 e5 2. Nf3 Nc6 3. Bc4 Nf6 4. Ng5 d5 5. exd5 Nd4 6. O-O Nxd5 7. Nxf7 Kxf7
8. Qh5+ Ke6 9. Re1 Qf6 10. Nc3 c6 11. d3 Bd6 12. f4 g6 13. Qd1 b5 14. fxe5 Bxe5
15. Ne4 Qh4 16. Bxd5+ cxd5 17. Ng5+ Kf6 18. Rxe5 Kxe5 19. Nf7+ Kf6 20. Bg5+
Qxg5 21. Nxg5 Kxg5 22. Qd2+ Kh5 23. h3 Rf8 24. g4+ Kh4 25. Qh6+ Kg3 26. Qxf8
Nf3+ 27. Kf1 d4 28. Ke2 Bb7 29. Qd6+ Kg2 30. Qd7 Rb8 31. Rf1 Ng1+ 32. Rxg1+
Kxg1 33. Qxd4+ Kg2 34. Qxa7 Bf3+ 35. Kd2 Rb7 36. Qe3 Rf7 37. Qe6 Rb7 38. g5 Kg3
39. d4 Bg2 40. Qg4+ Kh2 41. h4 Rf7 42. h5 1-0

[Event "Detroit (MI Op/7/14)"]
[Site "?"]
[Date "1994.??.??"]
[Round "?"]
[White "Thomas, Henry"]
[Black "Hankinson, Chris"]
[Result "1/2-1/2"]
[WhiteElo "1840"]
[BlackElo "2145"]
[PlyCount "29"]
[EventDate "1994.??.??"]

{7/(14)} 1. e4 e5 2. Nf3 f5 3. Nxe5 Nc6 4. Nxc6 dxc6 5. Bc4 Qh4 6. Bxg8 Qxe4+
7. Qe2 Qxe2+ 8. Kxe2 Rxg8 9. Re1 Kf7 10. d3 Bd6 11. Nc3 Re8+ 12. Kf1 Rxe1+ 13.
Kxe1 Bd7 14. Bd2 Re8+ 15. Kf1 1/2-1/2

[Event "Detroit (MI Op/2/18)"]
[Site "?"]
[Date "1994.??.??"]
[Round "?"]
[White "Thomas, Henry"]
[Black "Eagle, Chris"]
[Result "1-0"]
[WhiteElo "1840"]
[BlackElo "2105"]
[PlyCount "43"]
[EventDate "1994.??.??"]

{2/(18)} 1. e4 e5 2. Nf3 d6 3. Bc4 Nc6 4. d4 exd4 5. Nxd4 g6 6. O-O Bg7 7. c3
Nf6 8. Bg5 Bd7 9. f4 h6 10. Bh4 Nxd4 11. cxd4 Bg4 12. Bxf6 Qxf6 13. e5 Qh4 14.
Qb3 O-O 15. Nd2 c5 16. Qxb7 Rad8 17. Nf3 Qh5 18. exd6 Bxf3 19. Rxf3 Bxd4+ 20.
Kh1 Rxd6 21. Bxf7+ Kh8 22. Rh3 1-0

[Event "Jackson (Prison m/Jan)"]
[Site "?"]
[Date "1994.??.??"]
[Round "?"]
[White "Thomas, Henry"]
[Black "Douglas"]
[Result "1-0"]
[WhiteElo "1840"]
[BlackElo "1605"]
[PlyCount "55"]
[EventDate "1994.??.??"]

1. e4 c5 2. f4 Nc6 3. Nf3 g6 4. Bc4 Bg7 5. Nc3 e6 6. O-O Nge7 7. d3 a6 8. a3 d5
9. Ba2 Bxc3 10. bxc3 dxe4 11. dxe4 Qxd1 12. Rxd1 Bd7 13. Be3 b6 14. Rab1 Rb8
15. Nh4 f5 16. exf5 gxf5 17. Rd2 Rg8 18. Rbd1 Bc8 19. Rd6 Kf7 20. Bf2 Rg4 21.
Nxf5 Nxf5 22. Rxc6 Bb7 23. Bxe6+ Kg6 24. Bxf5+ Kxf5 25. Rc7 Rxg2+ 26. Kf1 Rxh2
27. Rdd7 Bg2+ 28. Kg1 1-0

[Event "Detroit (MI Op/5/16)"]
[Site "?"]
[Date "1994.??.??"]
[Round "?"]
[White "Thomas, Henry"]
[Black "Chehayeb, Sal"]
[Result "1-0"]
[WhiteElo "1840"]
[BlackElo "2015"]
[PlyCount "57"]
[EventDate "1994.??.??"]

{5/(16)} 1. e4 c5 2. f4 d5 3. exd5 Qxd5 4. Nc3 Qd8 5. Nf3 Nc6 6. Bc4 e6 7. O-O
Nf6 8. d3 Be7 9. Be3 O-O 10. Ne4 Nd5 11. Bxd5 exd5 12. Ng3 Re8 13. Kh1 Bd6 14.
Qd2 Qc7 15. Rae1 Bg4 16. h3 d4 17. hxg4 dxe3 18. Qe2 Bxf4 19. Nh5 Nd4 20. Nxd4
Bg3 21. Nxg3 Qxg3 22. Nf5 Qc7 23. Rf3 g6 24. Nh6+ Kg7 25. Rxf7+ Qxf7 26. Nxf7
Kxf7 27. Qf3+ Kg7 28. Rxe3 Rf8 29. Re7+ 1-0

[Event "Detroit (MOR/5/9)"]
[Site "?"]
[Date "1994.??.??"]
[Round "?"]
[White "Teper, G."]
[Black "Vega, D."]
[Result "1-0"]
[WhiteElo "1755"]
[BlackElo "1650"]
[PlyCount "83"]
[EventDate "1994.??.??"]

{5/(9)} 1. Nf3 g6 2. d4 d6 3. c4 Bg7 4. Nc3 Nf6 5. Bf4 a6 6. h3 Nbd7 7. e3 c5
8. Be2 Qa5 9. O-O cxd4 10. exd4 Nh5 11. Bh2 O-O 12. Nd5 Qd8 13. Re1 Nhf6 14.
Nc3 b6 15. Rc1 Bb7 16. d5 Rc8 17. a3 Ne8 18. Bf1 Bh6 19. Rc2 f5 20. Qe2 Rf7 21.
Nd4 Nc5 22. b4 Bg7 23. Nf3 Bxc3 24. Rxc3 Ne4 25. Re3 Rc7 26. Nd4 Ng7 27. g4 Bc8
28. f3 Nf6 29. Nc6 Rxc6 30. dxc6 e6 31. Rd1 e5 32. Bxe5 fxg4 33. Rxd6 Qf8 34.
c7 Nd7 35. hxg4 Ne8 36. Re6 Nxe5 37. R6xe5 Nd6 38. Re8 Nxe8 39. Rxe8 Rxc7 40.
Rxf8+ Kxf8 41. Qe5 Rf7 42. Qh8+ 1-0

[Event "Detroit (MOR/1a/37)"]
[Site "?"]
[Date "1994.??.??"]
[Round "?"]
[White "Teper, G."]
[Black "Herzog, M."]
[Result "1-0"]
[WhiteElo "1755"]
[BlackElo "1605"]
[PlyCount "83"]
[EventDate "1994.??.??"]

1. Nf3 Nf6 2. c4 e6 3. Nc3 d5 4. d4 c6 5. Bg5 Be7 6. e3 b6 7. cxd5 exd5 8. Bd3
Ba6 9. Bxa6 Nxa6 10. a3 O-O 11. Qa4 Qc8 12. Ne5 b5 13. Qc2 Qe6 14. Ne2 Rfc8 15.
Nf4 Qd6 16. Qf5 Rf8 17. O-O Rac8 18. Rfc1 Nb8 19. Rc2 Ne4 20. Bxe7 Qxe7 21.
Rac1 Nd6 22. Qh3 Nc4 23. Nxc4 bxc4 24. Rc3 Nd7 25. b3 Nb6 26. bxc4 Nxc4 27. g3
g6 28. Qg4 Qb7 29. Nd3 Qe7 30. Nf4 Qe4 31. Nxd5 cxd5 32. Qxe4 dxe4 33. Rxc4
Rxc4 34. Rxc4 f5 35. Rc7 Rf7 36. Rxf7 Kxf7 37. Kf1 Ke6 38. Ke2 a5 39. Kd2 Kd6
40. h4 h5 41. Kc3 Kd5 42. Kb3 1-0

[Event "Detroit (MOR/3/22)"]
[Site "?"]
[Date "1994.??.??"]
[Round "?"]
[White "Teper, G."]
[Black "Etienne, T."]
[Result "1/2-1/2"]
[WhiteElo "1755"]
[BlackElo "1605"]
[PlyCount "74"]
[EventDate "1994.??.??"]

{3/(22)} 1. Nf3 Nf6 2. c4 e6 3. Nc3 d5 4. d4 Be7 5. Bg5 Nbd7 6. Qc2 h6 7. Bh4
O-O 8. e3 b6 9. cxd5 exd5 10. Bd3 c5 11. O-O Re8 12. Rfe1 Nf8 13. Ne5 c4 14.
Bf5 Bxf5 15. Qxf5 Rc8 16. Rad1 Qd6 17. a3 Qe6 18. Qf3 Ne4 19. Bxe7 Rxe7 20.
Nxe4 dxe4 21. Qh5 Nd7 22. Nxd7 Rxd7 23. d5 Qe7 24. Rd4 Rdd8 25. Red1 Qc5 26.
Qf5 c3 27. bxc3 Qxc3 28. a4 Qc2 29. h3 f6 30. Qe6+ Kf8 31. d6 Qc5 32. Rd5 Qc6
33. R1d4 Re8 34. Qf5 Kf7 35. Qh5+ Kf8 36. Qg6 Re6 37. Qg3 Kf7 1/2-1/2

[Event "Detroit (WCO/2/16)"]
[Site "?"]
[Date "1994.??.??"]
[Round "?"]
[White "Taylor, J."]
[Black "Walker, Anthony"]
[Result "1-0"]
[WhiteElo "1605"]
[BlackElo "1605"]
[PlyCount "79"]
[EventDate "1994.??.??"]

{2/(16)} 1. e4 e6 2. d4 d5 3. e5 c5 4. Nf3 Qb6 5. Be3 Qxb2 6. Nbd2 Qb6 7. Rb1
Qc7 8. Bd3 Nc6 9. dxc5 Nxe5 10. Bb5+ Nc6 11. Nb3 Bd7 12. Qd2 a6 13. Bd3 Nf6 14.
c4 Be7 15. O-O Ng4 16. h3 Nge5 17. Bf4 O-O 18. Rfe1 f6 19. Re2 Nxf3+ 20. gxf3
e5 21. Bg3 Be6 22. cxd5 Bxd5 23. Bxh7+ Kxh7 24. Qxd5 Rad8 25. Qe4+ Kg8 26. f4
Nd4 27. Rd2 Nxb3 28. Rxd8 Rxd8 29. Rxb3 Bxc5 30. fxe5 Rd1+ 31. Kg2 Rd2 32. exf6
Rxf2+ 33. Bxf2 Bxf2 34. Kxf2 Qh2+ 35. Qg2 Qf4+ 36. Rf3 Qd2+ 37. Kg1 Qe1+ 38.
Kh2 Qe5+ 39. Qg3 Qe2+ 40. Rf2 1-0

[Event "Detroit (WCO/4/12)"]
[Site "?"]
[Date "1994.??.??"]
[Round "?"]
[White "Taylor, J."]
[Black "Moore, De"]
[Result "0-1"]
[WhiteElo "1605"]
[BlackElo "1605"]
[PlyCount "60"]
[EventDate "1994.??.??"]

{4/(12)} 1. e4 e5 2. Nf3 d6 3. Bc4 h6 4. Nc3 a6 5. d3 Nf6 6. Be3 Nc6 7. Qd2 Bg4
8. O-O-O Nd4 9. Bxd4 exd4 10. Ne2 c5 11. Qf4 Bxf3 12. Qxf3 b5 13. Bd5 Nxd5 14.
exd5 Be7 15. Rhe1 O-O 16. g3 a5 17. h4 Bf6 18. Qh5 Kh7 19. Rh1 g6 20. Qf3 a4
21. a3 b4 22. h5 bxa3 23. bxa3 Bg5+ 24. Nf4 Rb8 25. hxg6+ fxg6 26. Rh2 Re8 27.
Rdh1 Qb6 28. Qg4 Qb2+ 29. Kd2 Qc3+ 30. Kd1 Rb1# 0-1

[Event "Detroit (MI Op/6/24)"]
[Site "?"]
[Date "1994.??.??"]
[Round "?"]
[White "Taylor, E."]
[Black "Vandivier, Don"]
[Result "1/2-1/2"]
[WhiteElo "1920"]
[BlackElo "1985"]
[PlyCount "83"]
[EventDate "1994.??.??"]

{6/(24)} 1. e4 c5 2. Nf3 a6 3. d4 cxd4 4. Nxd4 d6 5. c4 g6 6. Be2 Bg7 7. O-O
Nf6 8. Nc3 O-O 9. Rb1 Nc6 10. Nc2 Qc7 11. b3 Be6 12. Bb2 Rac8 13. Ne3 Ne5 14.
Kh1 Ned7 15. f4 Nb6 16. f5 Bd7 17. g4 Qc5 18. Qd3 Bc6 19. Bf3 Nfd7 20. Qe2 Ne5
21. Bg2 e6 22. Nc2 Nbxc4 23. bxc4 Nxc4 24. Ba1 Bh6 25. Rfd1 exf5 26. gxf5 Rfe8
27. Nd5 Bxd5 28. Rxd5 Qxd5 29. Rd1 Qa5 30. fxg6 hxg6 31. Qd3 Bg7 32. Bxg7 Kxg7
33. Rf1 Qe5 34. Qf3 f6 35. Nb4 Nd2 36. Qf2 Nxf1 37. Qxf1 Rh8 38. h3 Rxh3+ 39.
Bxh3 Qxe4+ 40. Qg2 Qxb4 41. Bxc8 Qh4+ 42. Kg1 1/2-1/2

[Event "Detroit (MI Op/2/40)"]
[Site "?"]
[Date "1994.??.??"]
[Round "?"]
[White "Taylor, E."]
[Black "Thurman, John"]
[Result "0-1"]
[WhiteElo "1920"]
[BlackElo "1755"]
[PlyCount "97"]
[EventDate "1994.??.??"]

{2/(40)} 1. e4 e6 2. d4 d5 3. Nc3 Bb4 4. e5 c5 5. a3 Bxc3+ 6. bxc3 Ne7 7. Qg4
Nf5 8. Bd3 h5 9. Qf4 g6 10. Bd2 Nc6 11. Ne2 Qe7 12. O-O Rg8 13. Qg5 cxd4 14.
Qxe7+ Kxe7 15. Bg5+ Kd7 16. f4 dxc3 17. Nxc3 Nfd4 18. Nb5 Nxb5 19. Bxb5 a6 20.
Bd3 b5 21. Rab1 Rb8 22. Rfd1 Kc7 23. Bh4 Bb7 24. Bf2 Ne7 25. Bc5 Nc8 26. Rb2
Kc6 27. Bf2 Nb6 28. Bxb6 Kxb6 29. a4 Bc6 30. Rdb1 Kc5 31. Rb3 d4 32. c3 Bd5 33.
Rb4 dxc3 34. axb5 axb5 35. Rxb5+ Rxb5 36. Rxb5+ Kd4 37. Bc2 Rc8 38. Kf2 g5 39.
g3 gxf4 40. gxf4 Rg8 41. Bd1 Rg2+ 42. Kf1 c2 43. Bxc2 Rxc2 44. Rb8 Ke3 45. Rb1
Rxh2 46. Re1+ Kxf4 47. Kg1 Rh1+ 48. Kf2 Rxe1 49. Kxe1 0-1

[Event "Detroit (Class A/2/1)"]
[Site "?"]
[Date "1994.??.??"]
[Round "?"]
[White "Taylor, E."]
[Black "Robbins, Fred"]
[Result "1/2-1/2"]
[WhiteElo "1885"]
[BlackElo "1985"]
[PlyCount "113"]
[EventDate "1994.??.??"]

{2/(1)} 1. e4 Nf6 2. Nc3 d5 3. exd5 Nxd5 4. Bc4 Nxc3 5. bxc3 e6 6. Nf3 Be7 7.
O-O O-O 8. d4 Nd7 9. a4 a5 10. Qe2 Nf6 11. Bg5 Nd5 12. Bxd5 Bxg5 13. Be4 g6 14.
Nxg5 Qxg5 15. f4 Qe7 16. Qf3 c6 17. Rfb1 Qc7 18. Rb2 Bd7 19. Rab1 Rab8 20. c4
Rfd8 21. c5 Be8 22. c3 f6 23. Bd3 Kg7 24. Re1 Bf7 25. Bc4 Re8 26. Rbe2 Qd7 27.
Qg4 f5 28. Qf3 Rbd8 29. Qf2 Re7 30. Rb1 Qc7 31. Reb2 Rb8 32. Bf1 Qd8 33. Rb6
Qc8 34. Qb2 Qc7 35. g3 h5 36. Qc1 Qd8 37. R1b2 Rc7 38. Ba6 e5 39. fxe5 Qd5 40.
Rxb7 Rcxb7 41. Rxb7 Rxb7 42. Bxb7 Qe4 43. Ba6 Bd5 44. Kf2 Qg2+ 45. Ke1 Qxh2 46.
Qe3 Qa2 47. c4 Be4 48. e6 Qb1+ 49. Kf2 Kf6 50. d5 Qb2+ 51. Ke1 cxd5 52. cxd5
Qb1+ 53. Kf2 Qa2+ 54. Ke1 Qa1+ 55. Kf2 Qa2+ 56. Ke1 Qa1+ 57. Kf2 1/2-1/2

[Event "Grand Rapids (MI Am/2/4)"]
[Site "?"]
[Date "1994.??.??"]
[Round "?"]
[White "Taylor, E."]
[Black "McCarter, Robert"]
[Result "0-1"]
[WhiteElo "1920"]
[BlackElo "1700"]
[PlyCount "113"]
[EventDate "1994.??.??"]

{2/(4)} 1. e4 c5 2. Nf3 d6 3. d4 cxd4 4. Nxd4 Nf6 5. Nc3 a6 6. f4 e6 7. Bd3 Nc6
8. Nf3 Qc7 9. Qe2 Be7 10. Bd2 O-O 11. O-O-O Nb4 12. e5 Nxd3+ 13. Qxd3 dxe5 14.
fxe5 Rd8 15. Qe2 Nd5 16. Nxd5 Rxd5 17. Bg5 b5 18. Rxd5 exd5 19. Bxe7 Qxe7 20.
Rd1 Bb7 21. Kb1 Re8 22. Qd3 h6 23. h4 Qc5 24. g4 Qc4 25. Qe3 Qxg4 26. Rg1 Qh5
27. Qb6 Re6 28. Qd8+ Kh7 29. Rf1 d4 30. Nxd4 Rxe5 31. b3 Rd5 32. Qb6 Rd7 33.
Nf5 Rd1+ 34. Rxd1 Qxd1+ 35. Kb2 Be4 36. Nd4 Qd2 37. Qc5 Qf2 38. h5 f5 39. Ne6
Qxc5 40. Nxc5 Bf3 41. Nxa6 Bxh5 42. Kc1 f4 43. Kd2 g5 44. c4 bxc4 45. bxc4 Bf7
46. c5 Bxa2 47. c6 Be6 48. c7 g4 49. Ke1 Kg6 50. Nc5 Bc8 51. Ne4 h5 52. Nd6 Ba6
53. c8=Q Bxc8 54. Nxc8 h4 55. Nd6 h3 56. Kf1 g3 57. Ne4 0-1

[Event "Grand Rapids (MI Am/4/10)"]
[Site "?"]
[Date "1994.??.??"]
[Round "?"]
[White "Taylor, E."]
[Black "Griffin, John"]
[Result "1-0"]
[WhiteElo "1920"]
[BlackElo "1605"]
[PlyCount "91"]
[EventDate "1994.??.??"]

{4/(10)} 1. e4 c5 2. Nf3 Nc6 3. d4 cxd4 4. Nxd4 Nf6 5. Nc3 e5 6. Ndb5 d6 7. Bg5
a6 8. Na3 b5 9. Nd5 Be7 10. Nxe7 Nxe7 11. f3 Bb7 12. c3 d5 13. Bxf6 gxf6 14.
exd5 Qxd5 15. Qxd5 Bxd5 16. Nc2 Rd8 17. a4 O-O 18. axb5 axb5 19. Bxb5 Rb8 20.
c4 Bc6 21. Na3 Bxb5 22. Nxb5 Nd5 23. O-O Nb4 24. b3 Nc2 25. Ra2 Nd4 26. Nxd4
exd4 27. Rb1 Rfc8 28. Rc2 d3 29. Rc3 Rd8 30. Kf2 Rd7 31. Rd1 d2 32. Ke2 Re8+
33. Re3 Red8 34. b4 Rd4 35. Rc3 Re8+ 36. Kf2 Rc8 37. c5 Rxb4 38. Rxd2 Rb7 39.
c6 Rbc7 40. Rd6 Kg7 41. Ke3 Kg8 42. Kd4 Kg7 43. Kd5 Re7 44. f4 Rcc7 45. Rg3+
Kh8 46. Rd8+ 1-0

[Event "Detroit (MI Op/4/27)"]
[Site "?"]
[Date "1994.??.??"]
[Round "?"]
[White "Taylor, E."]
[Black "Drkulec, Vladimir"]
[Result "0-1"]
[WhiteElo "1920"]
[BlackElo "2225"]
[PlyCount "102"]
[EventDate "1994.??.??"]

{4/(27)} 1. e4 e5 2. Nf3 Nc6 3. Bb5 a6 4. Ba4 Nf6 5. O-O Be7 6. Re1 b5 7. Bb3
O-O 8. c3 d5 9. exd5 Nxd5 10. Nxe5 Nxe5 11. Rxe5 c6 12. d3 Bd6 13. Re1 Qh4 14.
g3 Qh3 15. Qf3 Bg4 16. Qg2 Qh5 17. Be3 Bf3 18. Qf1 Nf4 19. Bxf4 Bxf4 20. Bd1
Bxd1 21. Rxd1 Rfe8 22. Nd2 Bh6 23. Nb3 Re2 24. Re1 Rxb2 25. Re4 f5 26. Re5 Rf8
27. Nd4 Bd2 28. Qe2 Qxe2 29. Nxe2 f4 30. gxf4 Bxf4 31. Re4 Bxh2+ 32. Kg2 Bd6
33. a4 b4 34. cxb4 Bxb4 35. d4 Rf6 36. f4 Kf7 37. Kf3 Rh6 38. Re5 Rh3+ 39. Kg4
Rh2 40. Ng3 Rb3 41. Ne4 Rg2+ 42. Kh4 h6 43. Nc5 Rf3 44. f5 Bd2 45. Rh1 Bg5+ 46.
Kh5 Bf6 47. Nd7 Rg5+ 48. Kh4 Rgxf5+ 49. Nxf6 Kxf6 50. Rxf5+ Kxf5 51. Rd1 g5+
0-1

[Event "Detroit (Class A/4/7)"]
[Site "?"]
[Date "1994.??.??"]
[Round "?"]
[White "Taylor, E."]
[Black "Aldrich, Jeff"]
[Result "1-0"]
[WhiteElo "1885"]
[BlackElo "1950"]
[PlyCount "89"]
[EventDate "1994.??.??"]

{4/(7)} 1. e4 c6 2. d4 d5 3. e5 Bf5 4. Nf3 e6 5. Nh4 Qxh4 6. c4 Ne7 7. Nc3 Nd7
8. g3 Qg4 9. Be2 Qg6 10. Be3 dxc4 11. Bxc4 Nb6 12. Be2 Ned5 13. Rc1 h5 14. a4
Bb4 15. Bd2 Rd8 16. O-O Ne7 17. a5 Nbd5 18. Qb3 Bxa5 19. Nxd5 exd5 20. Bxa5 Rd7
21. Bb4 h4 22. Bxe7 Rxe7 23. Rfe1 Rh6 24. Bf1 hxg3 25. fxg3 Qg4 26. Rcd1 Be4
27. Re3 Qf5 28. Rd2 Kf8 29. Qa3 Qg5 30. Rde2 a6 31. Rb3 Ke8 32. Rb6 Qg4 33. Rf2
Qd1 34. Qb4 Qg4 35. Rxb7 Qxg3+ 36. Bg2 Qxh2+ 37. Kf1 Bd3+ 38. Ke1 Qg1+ 39. Bf1
Rxb7 40. Qxb7 Bg6 41. Qxc6+ Kf8 42. Qc8+ Ke7 43. e6 Bh5 44. Qd7+ Kf8 45. Qd8#
1-0

[Event "Detroit (MI Op/7/3)"]
[Site "?"]
[Date "1994.??.??"]
[Round "?"]
[White "Tate, E."]
[Black "Ward, Tom"]
[Result "1-0"]
[WhiteElo "2435"]
[BlackElo "2200"]
[PlyCount "73"]
[EventDate "1994.??.??"]

{7/(3)} 1. e4 c5 2. Nf3 d6 3. d4 cxd4 4. Nxd4 Nf6 5. Nc3 a6 6. Bc4 e6 7. Bb3 b5
8. Bg5 Be7 9. Qf3 Qc7 10. O-O-O Qb7 11. Rhe1 Nc6 12. Nxc6 Qxc6 13. Nd5 Nxd5 14.
Bxd5 Bxg5+ 15. Kb1 Qc7 16. Bxa8 O-O 17. Qc3 Qa7 18. Bc6 Qc7 19. e5 d5 20. a3
Be7 21. f4 Rd8 22. g4 f6 23. f5 Kh8 24. fxe6 Bxe6 25. Bxb5 Qxc3 26. bxc3 Rb8
27. exf6 Bxf6 28. Rxe6 Rxb5+ 29. Ka2 h6 30. Rxa6 Bxc3 31. Rb1 Rc5 32. Rb8+ Kh7
33. Raa8 Be5 34. Rc8 Rb5 35. a4 Rb2+ 36. Ka3 Rb1 37. h4 1-0

[Event "Detroit (MI Op/4/4)"]
[Site "?"]
[Date "1994.??.??"]
[Round "?"]
[White "Tate, E."]
[Black "Hahn, David"]
[Result "1-0"]
[WhiteElo "2435"]
[BlackElo "2230"]
[PlyCount "75"]
[EventDate "1994.??.??"]

{4/(4)} 1. e4 d6 2. d4 Nf6 3. Nc3 g6 4. Bc4 Nc6 5. d5 Ne5 6. Bb3 Bg7 7. f4 Ned7
8. Qe2 c6 9. dxc6 bxc6 10. Nf3 Qa5 11. Bd2 Ba6 12. Bc4 Bxc4 13. Qxc4 Qc5 14.
Qxc5 Nxc5 15. e5 Nfe4 16. Nxe4 Nxe4 17. Be3 dxe5 18. fxe5 g5 19. g4 h5 20. Rg1
hxg4 21. Rxg4 f5 22. exf6 Nxf6 23. Rg2 g4 24. Nd4 Nd5 25. Bg1 c5 26. Ne6 Bxb2
27. Rd1 Rh6 28. Re2 Bc3+ 29. Kf2 Bd4+ 30. Nxd4 cxd4 31. Rxd4 O-O-O 32. Rxg4 Rc6
33. Ke1 Nc3 34. Rxe7 Nxa2 35. c4 a5 36. Ra7 Nb4 37. Rgg7 Ra6 38. Rab7 1-0

[Event "Detroit (MI Op/6/6)"]
[Site "?"]
[Date "1994.??.??"]
[Round "?"]
[White "Tate, E."]
[Black "Eagle, Chris"]
[Result "1-0"]
[WhiteElo "2435"]
[BlackElo "2105"]
[PlyCount "98"]
[EventDate "1994.??.??"]

{6/(6)} 1. e4 e5 2. Nf3 Nc6 3. Bb5 a6 4. Ba4 Nf6 5. O-O Be7 6. Bxc6 bxc6 7.
Nxe5 Nxe4 8. Qe2 Nf6 9. Re1 O-O 10. Nxc6 dxc6 11. Qxe7 Qd4 12. Qe5 Qh4 13. d4
h6 14. Qf4 Qh5 15. Nd2 Bf5 16. Nf1 Bxc2 17. Qxc7 Be4 18. Ng3 Qd5 19. Qe5 Rfe8
20. Qxd5 Bxd5 21. Be3 Rab8 22. b3 a5 23. Bd2 Rxe1+ 24. Rxe1 Ra8 25. Nf5 Kf8 26.
Kf1 g6 27. Ne3 Be6 28. Rc1 a4 29. Rxc6 axb3 30. axb3 Rd8 31. Bb4+ Ke8 32. Bc5
Ne4 33. b4 Nxc5 34. dxc5 Rb8 35. Rb6 Rxb6 36. cxb6 Kd7 37. Ke2 Kc6 38. Nc2 Kxb6
39. Nd4 Bd5 40. g4 Kc7 41. Ke3 Kd6 42. Nb5+ Ke5 43. f4+ Kf6 44. Nc3 Be6 45. h3
Ke7 46. Nb5 f5 47. gxf5 gxf5 48. h4 Bc8 49. Kd4 Be6 1-0

[Event "Ann Arbor (MLS Jul-Aug)"]
[Site "?"]
[Date "1994.??.??"]
[Round "?"]
[White "Tantang, F."]
[Black "Jendras, Gerard"]
[Result "0-1"]
[WhiteElo "1605"]
[BlackElo "1855"]
[PlyCount "76"]
[EventDate "1994.??.??"]

1. d4 Nf6 2. e3 c5 3. Bd3 d5 4. f4 Bg4 5. Nf3 Nc6 6. c3 e6 7. Nbd2 Rc8 8. O-O
Qb6 9. Qe1 Be7 10. Kh1 O-O 11. Ne5 Bh5 12. Qh4 c4 13. Bc2 Be2 14. Nd7 Ne4 15.
Nxb6 Bxh4 16. Nxc8 Rxc8 17. g3 Bxf1 18. Nxf1 Be7 19. Nd2 f5 20. Nxe4 fxe4 21.
Bd1 Kf7 22. Bh5+ g6 23. Bg4 b5 24. Rb1 a5 25. h4 h5 26. Be2 b4 27. Kg2 Rb8 28.
Bd2 bxc3 29. Bxc3 Bb4 30. Bxb4 Nxb4 31. Rc1 Nxa2 32. Ra1 Rxb2 33. Kf1 c3 34.
Bd1 c2 35. Bxc2 Rxc2 36. Ke1 a4 37. Kd1 Rg2 38. Ke1 Rg1+ 0-1

[Event "Detroit (MCO/A/4/9)"]
[Site "?"]
[Date "1994.??.??"]
[Round "?"]
[White "Takriti, Samer"]
[Black "Levadi, David"]
[Result "0-1"]
[WhiteElo "1850"]
[BlackElo "1945"]
[PlyCount "52"]
[EventDate "1994.??.??"]

{4/(9)} 1. e4 Nc6 2. d4 e5 3. dxe5 Nxe5 4. f4 Nc6 5. Nc3 Bb4 6. Bd2 Nf6 7. Bd3
Qe7 8. Nge2 d6 9. Nd5 Nxd5 10. exd5 Bxd2+ 11. Qxd2 Nd4 12. O-O-O Nxe2+ 13. Bxe2
O-O 14. Rde1 Qf6 15. g4 Bd7 16. g5 Qd8 17. Bd3 Re8 18. Reg1 Re7 19. f5 Re5 20.
Qf4 Qf8 21. h4 f6 22. Rh3 Rae8 23. gxf6 Qxf6 24. Rxg7+ Kxg7 25. Rg3+ Kh8 26.
Qg4 Qh6+ 0-1

[Event "Detroit (MCO/A/5/12)"]
[Site "?"]
[Date "1994.??.??"]
[Round "?"]
[White "Takriti, Samer"]
[Black "Haakonstad, Olaf"]
[Result "1/2-1/2"]
[WhiteElo "1850"]
[BlackElo "1815"]
[PlyCount "24"]
[EventDate "1994.??.??"]

{5/(12)} 1. e4 e5 2. f4 d5 3. exd5 e4 4. d3 Nf6 5. dxe4 Nxe4 6. Nf3 Bc5 7. Bd3
O-O 8. Bxe4 Re8 9. Ne5 f6 10. Qh5 g6 11. Bxg6 hxg6 12. Qxg6+ Kh8 1/2-1/2

[Event "Eastpointe (US Am N/1b/23)"]
[Site "?"]
[Date "1994.??.??"]
[Round "?"]
[White "Swathell, Gary"]
[Black "al-Shareef, Robert"]
[Result "0-1"]
[WhiteElo "1645"]
[BlackElo "1605"]
[PlyCount "64"]
[EventDate "1994.??.??"]

1. c4 Nf6 2. Nc3 g6 3. g3 Bg7 4. Bg2 c6 5. Nf3 O-O 6. O-O d5 7. cxd5 Bf5 8.
dxc6 Nxc6 9. a3 Qd7 10. d3 Bh3 11. Bg5 Rad8 12. Qc1 Bxg2 13. Kxg2 Ng4 14. Rb1
f6 15. Be3 b6 16. h3 Nxe3+ 17. Qxe3 e5 18. Rfd1 Nd4 19. Nxd4 exd4 20. Qf3 dxc3
21. bxc3 f5 22. c4 Qa4 23. Qb7 Qxa3 24. Ra1 Bxa1 25. h4 Rfe8 26. h5 Rxe2 27.
hxg6 hxg6 28. Rh1 Re7 29. Qc6 Kg7 30. d4 Bxd4 31. Rh4 Bxf2 32. Rf4 Qxg3+ 0-1

[Event "Eastpointe (US Am N/3/36)"]
[Site "?"]
[Date "1994.??.??"]
[Round "?"]
[White "Swathell, Gary"]
[Black "Prince, S."]
[Result "1-0"]
[WhiteElo "1645"]
[BlackElo "1605"]
[PlyCount "59"]
[EventDate "1994.??.??"]

{3/(36)} 1. c4 c5 2. Nf3 Nf6 3. g3 Nc6 4. Bg2 e6 5. O-O d5 6. cxd5 Nxd5 7. d4
cxd4 8. Nxd4 Qd7 9. Nxc6 Qxc6 10. Nc3 Be7 11. Nxd5 exd5 12. Bxd5 Qd7 13. Qb3
O-O 14. Be3 Qf5 15. Rac1 Be6 16. Bxe6 Qxe6 17. Qxb7 Rfb8 18. Qc6 Qxa2 19. Bd4
Bf6 20. Bxf6 gxf6 21. Qxf6 Rxb2 22. Rc5 Rb1 23. Rg5+ Kf8 24. Qh8+ Ke7 25. Qxa8
Rxf1+ 26. Kxf1 Kf6 27. h4 h6 28. Qc6+ Qe6 29. Qxe6+ fxe6 30. Ra5 1-0

[Event "Eastpointe (US Am N/5/25)"]
[Site "?"]
[Date "1994.??.??"]
[Round "?"]
[White "Swathell, Gary"]
[Black "Hartwig, Thomas"]
[Result "1-0"]
[WhiteElo "1645"]
[BlackElo "1605"]
[PlyCount "60"]
[EventDate "1994.??.??"]

{5/(25)} 1. c4 g6 2. Nc3 Bg7 3. Nf3 c5 4. g3 Nf6 5. Bg2 Nc6 6. O-O d6 7. d4
cxd4 8. Nxd4 Bd7 9. Nxc6 Bxc6 10. Bxc6+ bxc6 11. Qa4 Qc7 12. Nd5 Nxd5 13. cxd5
a5 14. dxc6 Rc8 15. Rb1 Qxc6 16. Qg4 O-O 17. Be3 Ra8 18. Rfc1 Qa6 19. b3 Rfc8
20. Rxc8+ Qxc8 21. Qe4 Qd8 22. Rc1 Bf6 23. Rc6 Rb8 24. Qc2 Bg7 25. Rc7 Bf8 26.
Bd2 Ra8 27. e4 a4 28. bxa4 Rxa4 29. Rc8 Rxa2 30. Qc4 {[Remainder illegible;
1-0, 33?]} Ra4 1-0

[Event "Detroit (Class B/5/9)"]
[Site "?"]
[Date "1994.??.??"]
[Round "?"]
[White "Swartz, J."]
[Black "Velasquez, A."]
[Result "0-1"]
[WhiteElo "1605"]
[BlackElo "1625"]
[PlyCount "158"]
[EventDate "1994.??.??"]

{5/(9)} 1. d4 Nf6 2. c4 g6 3. g3 Bg7 4. Bg2 O-O 5. Nc3 d6 6. Qb3 Nc6 7. e3 Nd7
8. Qd1 Na5 9. b3 c5 10. Nge2 Rb8 11. O-O a6 12. Rb1 Nf6 13. h3 Bd7 14. Nf4 b5
15. cxb5 axb5 16. dxc5 dxc5 17. Bb2 Bc6 18. Bxc6 Nxc6 19. Qe2 e5 20. Rfd1 Qa5
21. Rd6 Rfc8 22. Nfd5 Nxd5 23. Nxd5 Qxa2 24. Qd3 c4 25. Qd1 Qxb3 26. Qxb3 cxb3
27. Rxc6 Rxc6 28. Ne7+ Kf8 29. Nxc6 Re8 30. Ba3+ Kg8 31. Rxb3 Re6 32. Ne7+ Kh8
33. e4 b4 34. Bxb4 Rb6 35. Nd5 Rb8 36. Rc3 f5 37. f3 h5 38. Be7 Rb1+ 39. Kf2
Rb2+ 40. Ke3 f4+ 41. Kd3 fxg3 42. Ne3 g2 43. Nxg2 Rxg2 44. h4 Rg3 45. Kc4 Kg8
46. Kd5 Kf7 47. Bg5 Bf8 48. Kxe5 Bg7+ 49. Kf4 Bxc3 50. Kxg3 Ke6 51. Be3 Be1+
52. Bf2 Bd2 53. f4 Kf6 54. Kf3 Ke6 55. Bb6 Kd7 56. e5 Kc6 57. Bd8 Kd5 58. Bf6
Bc1 59. Bg5 Bb2 60. Ke3 Ba3 61. Kd3 Bc5 62. Kc3 Bd4+ 63. Kb4 Bc5+ 64. Kb5 Ba3
65. Kb6 Bc5+ 66. Kc7 Ke6 67. Kd8 Bb4 68. Ke8 Bc5 69. Bh6 Be7 70. Bg5 Bc5 71.
Bf6 Bb4 72. Bg7 Be7 73. Bf8 Bxh4 74. Bg7 Be7 75. f5+ gxf5 76. Bh6 h4 77. Bf4 h3
78. Bh2 Bc5 79. Kd8 Bd4 0-1

[Event "Detroit (Class B/4/14)"]
[Site "?"]
[Date "1994.??.??"]
[Round "?"]
[White "Swartz, J."]
[Black "Rostrom, Richard"]
[Result "1-0"]
[WhiteElo "1605"]
[BlackElo "1675"]
[PlyCount "97"]
[EventDate "1994.??.??"]

{4/(14)} 1. d4 Nf6 2. c4 g6 3. g3 Bg7 4. Bg2 O-O 5. e3 c6 6. Ne2 d5 7. cxd5
Nxd5 8. Nbc3 Nxc3 9. bxc3 Bg4 10. O-O Nd7 11. Re1 Nb6 12. Rb1 Rb8 13. Qb3 Be6
14. Qc2 Bc4 15. Ba3 Re8 16. Bc5 e5 17. a4 Bf8 18. Bxb6 axb6 19. Qb2 b5 20. axb5
Bxb5 21. Ra1 Ba6 22. Nc1 exd4 23. cxd4 c5 24. Nb3 c4 25. Nc5 Bxc5 26. dxc5 Qc8
27. Qb4 Re5 28. Ra5 Qc7 29. Rd1 Ree8 30. Bf1 Red8 31. Rd4 b6 32. Rxd8+ Qxd8 33.
Rxa6 bxc5 34. Qxc4 Rb2 35. Qc3 Rb1 36. Ra1 Rb7 37. Bg2 Rd7 38. Bf3 Qb6 39. Ra8+
Rd8 40. Rxd8+ Qxd8 41. Qxc5 Qf6 42. Kg2 h5 43. e4 Kh7 44. h4 Qg7 45. e5 g5 46.
Be4+ Kh6 47. Qd6+ f6 48. exf6 Qf7 49. hxg5+ 1-0